Land application of rubber factory effluent on oil palm and rubber (Record no. 61932)

MARC details
000 -LEADER
fixed length control field 00463nam a2200133Ia 4500
100 ## - MAIN ENTRY--AUTHOR NAME
Personal name Huat L C
245 #0 - TITLE STATEMENT
Title Land application of rubber factory effluent on oil palm and rubber
260 ## - PUBLICATION, DISTRIBUTION, ETC. (IMPRINT)
Name of publisher Proceedings of the International Conference on Soils and Nutrition of Perennial Crops, Kuala Lumpur, 1984; p307-317
650 ## - SUBJECT ADDED ENTRY--TOPICAL TERM
Topical Term Effluent treatment
650 ## - SUBJECT ADDED ENTRY--TOPICAL TERM
Topical Term Rubber effluent
700 ## - ADDED ENTRY--PERSONAL NAME
Personal name Chin Png Tat
942 ## - ADDED ENTRY ELEMENTS (KOHA)
Koha item type Journals
Holdings
Withdrawn status Lost status Damaged status Not for loan Home library Current library Shelving location Date acquired Koha item type
      Journals RRII Library RRII Library Rubber chemistry 17/12/2021 Journals